000 00749nam a22002657a 4500
001 BR8701083
003 BR-BrBNA
005 20230928092406.0
007 ta
008 230509b bl.||||| |||| 00| 0 por d
040 _aBR-BrBNA
_bpor
_cBiblioteca Nacional de Agricultura
041 _a(Por)
072 _aP36
090 _ P36 BR8701083
100 1 _aLima, J.N.N.
110 1 _aEmpresa de Assistencia Tecnica e Extensao Rural do Estado de Alagoas, Maceio (Brasil)
245 1 _aO nivel no controle da erosao
260 3 _aMaceio, AL (Brasil):
_c1985.
300 _a23 p.
650 _aCULTIVO EM CURVA DE NIVEL
650 _aEROSAO DO SOLO
650 _aTECNOLOGIA APROPRIADA
909 _a202309
_bLucia
_c55
_dLucia Elande
942 _cBK
999 _c38774
_d38774